[Event "Steyr Landesliga 1920"]
[Site "Austria"]
[Date "2020.01.25"]
[Round "7.7"]
[White "Strohmeier, Christian"]
[Black "Rattinger, Thomas"]
[Result "1/2-1/2"]
[WhiteElo "1854"]
[BlackElo "1959"]
[PlyCount "39"]
[EventDate "2019.09.28"]
[EventType "team-tourn"]
[EventRounds "11"]
[EventCountry "AUT"]
[SourceTitle "CBM 195 Extra"]
[Source "ChessBase"]
[SourceDate "2020.05.31"]
[SourceVersion "1"]
[SourceVersionDate "2020.05.31"]
[SourceQuality "1"]
[WhiteTeam "Baernbach"]
[BlackTeam "Krieglach Windheimat"]
[WhiteTeamCountry "AUT"]
[BlackTeamCountry "AUT"]

1. d4 d5 2. c4 e6 3. Nc3 c6 4. Nf3 f5 5. Bg5 Be7 6. Bxe7 Qxe7 7. e3 Nf6 8. Bd3 0-0 9. 0-0 b6 10. Ne5 Ne4 11. f3 Nxc3 12. bxc3 Bb7 13. Rb1 Nd7 14. Nxd7 Qxd7 15. f4 Rfc8 16. Qh5 Ba6 17. Qe2 dxc4 18. Bxc4 Bxc4 19. Qxc4 Qd5 20. Qe2 1/2-1/2

[Event "Steyr Landesliga 1920"]
[Site "Austria"]
[Date "2019.10.19"]
[Round "3.7"]
[White "Strohmeier, Christian"]
[Black "Thalmeier, Bernd"]
[Result "1-0"]
[WhiteElo "1854"]
[BlackElo "2013"]
[PlyCount "65"]
[EventDate "2019.09.28"]
[EventType "team-tourn"]
[EventRounds "11"]
[EventCountry "AUT"]
[SourceTitle "CBM 193 Extra"]
[Source "ChessBase"]
[SourceDate "2020.01.31"]
[SourceVersion "1"]
[SourceVersionDate "2020.01.31"]
[SourceQuality "1"]
[WhiteTeam "Baernbach"]
[BlackTeam "Gamlitz"]
[WhiteTeamCountry "AUT"]
[BlackTeamCountry "AUT"]

1. d4 Nf6 2. c4 e6 3. Nc3 Bb4 4. Qc2 Nc6 5. Nf3 d6 6. e3 0-0 7. Bd3 Qe7 8. 0-0 Bxc3 9. Qxc3 e5 10. d5 Nb8 11. e4 Bg4 12. Ne1 Nbd7 13. f3 Bh5 14. Be3 b6 15. b4 a5 16. a3 Bg6 17. Rc1 axb4 18. axb4 Ra2 19. Rf2 Rxf2 20. Bxf2 Ra8 21. c5 bxc5 22. bxc5 Ne8 23. cxd6 cxd6 24. Qc6 Qd8 25. Bb5 Ndf6 26. Nd3 Qa5 27. Be1 Qa7+ 28. Bf2 Qa5 29. Qb7 Qd8 30. Ba7 Kf8 31. Bc6 Nc7 32. Bb6 Nfe8 33. Bxe8 1-0

[Event "Graz op-B"]
[Site "Graz"]
[Date "2004.09.08"]
[Round "5"]
[White "Strohmeier, Christian"]
[Black "Molnar, Attila"]
[Result "0-1"]
[WhiteElo "1899"]
[BlackElo "1986"]
[PlyCount "94"]
[EventDate "2004.09.04"]
[EventType "swiss"]
[EventRounds "9"]
[EventCountry "AUT"]
[SourceTitle "EXT 2006"]
[Source "ChessBase"]
[SourceDate "2005.11.24"]
[SourceVersion "1"]
[SourceVersionDate "2005.11.24"]
[SourceQuality "1"]

1. d4 Nf6 2. c4 g6 3. Nc3 d5 4. cxd5 Nxd5 5. e4 Nxc3 6. bxc3 Bg7 7. Nf3 c5 8. Bb5+ Nd7 9. 0-0 0-0 10. Be3 Qc7 11. Rc1 c4 12. Bxd7 Bxd7 13. Qd2 f5 14. e5 Rfd8 15. Bh6 Bc6 16. Nh4 Be4 17. Bxg7 Kxg7 18. Qg5 Rf8 19. Rfe1 e6 20. Re3 Qd8 21. Qxd8 Raxd8 22. Nf3 h6 23. Ne1 Rf7 24. f3 Bc6 25. Re2 Rd5 26. Rb2 g5 27. Nc2 Ra5 28. Ra1 g4 29. fxg4 fxg4 30. Ne3 Ra3 31. Rc1 g3 32. Nxc4 Rf2 33. Rd2 Rxa2 34. Rxa2 Rxa2 35. Ne3 Re2 36. d5 gxh2+ 37. Kxh2 exd5 38. Nf5+ Kh7 39. c4 dxc4 40. Nd4 Rxg2+ 41. Kh3 Bd5 42. Rxc4 Rh2+ 43. Kxh2 Bxc4 44. e6 Kg6 45. e7 Kf7 46. Nf5 Be6 47. Nd6+ Kxe7 0-1